Les 7 continents - Statistiques

Statistiques générales
  • Ce quiz a été pris 782 fois
  • Le résultat moyen est 6 sur 7
Statistiques - réponses
Continent % Correct
Asie
98%
Europe
98%
Afrique
96%
Amérique du Nord
91%
Amérique du Sud
91%
Océanie
90%
Antarctique
75%
Aucun quiz correspondant
Distribution des résultats
% des personnes avec chaque résultat
Percentile par nombre de réponses
Votre historique - résultats
Vous n’avez pas pris ce quiz